Statistics for Countries starting with K quiz

Click here to take the quiz!

General Stats

  • This quiz has been taken 44 times
  • The average score is 5 of 6

Answer Stats

Country (starts with K)% Correct
Kazakhstan
95%
Kenya
93%
Kyrgyzstan
93%
Kiribati
88%
Kosovo
80%
Kuwait
80%

Score Distribution

Percentile by Number Answered

Percent of People with Each Score

Your Score History

You have not taken this quiz